[Event "Monarch Assurance Isle of Man 9th"]
[Site "Port Erin IOM"]
[Date "2000.10.20"]
[Round "7.4"]
[White "Ward, Chris"]
[Black "Quinn, Mark"]
[Result "0-1"]
[WhiteElo "2510"]
[BlackElo "2381"]
[PlyCount "80"]
[EventDate "2000.10.14"]
[EventType "swiss"]
[EventRounds "9"]
[EventCountry "IOM"]
[SourceTitle "BritBase"]
[SourceDate "2008.07.14"]
[SourceVersion "1"]
[SourceVersionDate "2008.07.14"]
[SourceQuality "2"]

1. d4 Nf6 2. c4 e6 3. Nf3 Bb4+ 4. Nc3 Nc6 5. Qc2 d6 6. a3 Bxc3+ 7. Qxc3 a5 8.
d5 exd5 9. cxd5 Ne7 10. e4 Nxe4 11. Qxg7 Rg8 12. Qd4 Nc5 13. Bg5 Nf5 14. Bxd8
Nxd4 15. Nxd4 Kxd8 16. Rd1 a4 17. f3 Ra5 18. Kf2 Nd7 19. Nb5 Nb6 20. f4 Bf5 21.
Rd4 Bc2 22. Nc3 Bb3 23. Bd3 h6 24. Be4 Rc5 25. Rc1 Ke7 26. g3 Ra8 27. Bf3 Raa5
28. Re1+ Kf8 29. Rde4 Nxd5 30. Re8+ Kg7 31. Bxd5 Bxd5 32. Rb8 Bc6 33. Re7 d5
34. Rd8 Ra6 35. Rxc7 Rb6 36. Nd1 Rc2+ 37. Ke3 Rb3+ 38. Nc3 Rcxb2 39. Kd3 Rxa3
40. f5 Rbb3 0-1

[Event "Monarch Assurance Isle of Man 9th"]
[Site "Port Erin IOM"]
[Date "2000.10.20"]
[Round "7.5"]
[White "Arkell, Keith"]
[Black "Cherniaev, Alexander"]
[Result "1/2-1/2"]
[WhiteElo "2481"]
[BlackElo "2454"]
[PlyCount "89"]
[EventDate "2000.10.14"]
[EventType "swiss"]
[EventRounds "9"]
[EventCountry "IOM"]
[SourceTitle "BritBase"]
[SourceDate "2008.07.14"]
[SourceVersion "1"]
[SourceVersionDate "2008.07.14"]
[SourceQuality "2"]

1. Nf3 d5 2. d4 c6 3. Bf4 Nf6 4. Nbd2 Bf5 5. h3 h6 6. e3 e6 7. Be2 Nbd7 8. O-O
Be7 9. c4 O-O 10. a3 Ne4 11. Nxe4 Bxe4 12. b4 Bxf3 13. Bxf3 Nb6 14. c5 Nc4 15.
Qc2 b5 16. a4 a6 17. e4 Bg5 18. Bxg5 Qxg5 19. Ra2 Rad8 20. Rd1 Rfe8 21. axb5
axb5 22. Ra6 Rc8 23. g3 Qe7 24. Kg2 Red8 25. h4 g6 26. h5 g5 27. exd5 exd5 28.
Qf5 Kg7 29. Re1 Qb7 30. Rea1 Qe7 31. Re1 Qb7 32. Ra2 Re8 33. Rae2 Rxe2 34. Rxe2
Rc7 35. Re8 Re7 36. Qc8 Qxc8 37. Rxc8 Re6 38. Bg4 Re4 39. Bd7 Rxd4 40. Bxc6 Ne5
41. Bxb5 Rxb4 42. Ba6 Ra4 43. Bb7 d4 44. c6 Nc4 45. c7 1/2-1/2

[Event "Monarch Assurance Isle of Man 9th"]
[Site "Port Erin IOM"]
[Date "2000.10.20"]
[Round "7.6"]
[White "Allen, Keith"]
[Black "Sutovsky, Emil"]
[Result "0-1"]
[WhiteElo "2250"]
[BlackElo "2609"]
[PlyCount "112"]
[EventDate "2000.10.14"]
[EventType "swiss"]
[EventRounds "9"]
[EventCountry "IOM"]
[SourceTitle "BritBase"]
[SourceDate "2008.07.14"]
[SourceVersion "1"]
[SourceVersionDate "2008.07.14"]
[SourceQuality "2"]

1. d4 Nf6 2. c4 g6 3. Nc3 d5 4. Nf3 Bg7 5. Bg5 Ne4 6. cxd5 Nxg5 7. Nxg5 c6 8.
dxc6 Nxc6 9. d5 Qa5 10. Nge4 Bf5 11. Nd2 Bxc3 12. bxc3 Qxd5 13. Qb3 Qd7 14. e4
Be6 15. Bc4 Bxc4 16. Nxc4 Qd3 17. f3 b5 18. Qxb5 O-O 19. Kf2 Qxc3 20. Rhd1 Nb4
21. Ne3 Rfd8 22. Qc4 Qb2+ 23. Qe2 Nd3+ 24. Kf1 Qe5 25. Nd5 e6 26. Qxd3 exd5 27.
exd5 Qxh2 28. Rac1 Rab8 29. Rc2 Rb6 30. Qd4 h5 31. Qg1 Qh4 32. Qd4 Qh1+ 33. Qg1
Rxd5 34. Rdc1 Qh4 35. Qf2 Qf4 36. Kg1 Rbd6 37. g3 Qg5 38. Re1 Rd2 39. Re2 Rd1+
40. Re1 R6d2 41. Rxd1 Rxd1+ 42. Kh2 Qd5 43. Kg2 a5 44. Qe3 Ra1 45. Qd2 Qb5 46.
g4 Qb1 47. gxh5 Qg1+ 48. Kh3 Qh1+ 49. Kg4 Rg1+ 50. Kf4 g5+ 51. Kf5 Qxf3+ 52.
Ke5 Qxh5 53. Kf6 Qh8+ 54. Ke7 Qe5+ 55. Kd7 Rb1 56. Rc8+ Kg7 0-1

[Event "Monarch Assurance Isle of Man 9th"]
[Site "Port Erin IOM"]
[Date "2000.10.20"]
[Round "7.7"]
[White "Bergstrom, Rolf"]
[Black "Kiriakov, Petr"]
[Result "1/2-1/2"]
[WhiteElo "2308"]
[BlackElo "2525"]
[PlyCount "87"]
[EventDate "2000.10.14"]
[EventType "swiss"]
[EventRounds "9"]
[EventCountry "IOM"]
[SourceTitle "BritBase"]
[SourceDate "2008.07.14"]
[SourceVersion "1"]
[SourceVersionDate "2008.07.14"]
[SourceQuality "2"]

1. e4 e6 2. d4 d5 3. e5 c5 4. c3 Nc6 5. Nf3 Bd7 6. Be2 Nge7 7. Na3 cxd4 8. cxd4
Nf5 9. Nc2 Qb6 10. O-O Na5 11. g4 Ne7 12. Nfe1 Bb5 13. Nd3 h5 14. gxh5 Nf5 15.
Be3 Rc8 16. b3 Nc6 17. Rc1 a5 18. Qd2 Be7 19. Bg4 Qa6 20. Be2 a4 21. Kh1 axb3
22. axb3 Qa5 23. b4 Qd8 24. Rg1 Kf8 25. Bg4 Bxd3 26. Qxd3 Qd7 27. Rb1 Nd8 28.
Bd2 Nh6 29. Bh3 Kg8 30. Rg2 Bf8 31. Ne3 Nc6 32. Rbg1 Ne7 33. Rg5 Rh7 34. Qb1
Ra8 35. Bf1 Nef5 36. Bd3 Rh8 37. Nxf5 Nxf5 38. Rxf5 exf5 39. Bxf5 Qc6 40. b5
Qb6 41. h6 Rxh6 42. Bxh6 Qxh6 43. Rg3 Ra3 44. Rxa3 1/2-1/2

[Event "Monarch Assurance Isle of Man 9th"]
[Site "Port Erin IOM"]
[Date "2000.10.20"]
[Round "7.8"]
[White "Gormally, Daniel W"]
[Black "Palliser, Richard"]
[Result "1-0"]
[WhiteElo "2499"]
[BlackElo "2322"]
[PlyCount "93"]
[EventDate "2000.10.14"]
[EventType "swiss"]
[EventRounds "9"]
[EventCountry "IOM"]
[SourceTitle "BritBase"]
[SourceDate "2008.07.14"]
[SourceVersion "1"]
[SourceVersionDate "2008.07.14"]
[SourceQuality "2"]

1. d4 Nf6 2. Nf3 e6 3. Bg5 c5 4. e3 Be7 5. Nbd2 cxd4 6. exd4 b6 7. Bd3 Bb7 8.
Bxf6 Bxf6 9. c3 d6 10. Qe2 Nd7 11. Be4 Bxe4 12. Nxe4 Be7 13. a4 O-O 14. a5 d5
15. Ned2 Qb8 16. Qb5 Rd8 17. axb6 axb6 18. O-O Bf6 19. g3 Qb7 20. Nb3 Qc7 21.
Nfd2 h5 22. f4 Rxa1 23. Rxa1 h4 24. Kg2 g6 25. Nf3 hxg3 26. hxg3 Kg7 27. Nc1
Nb8 28. Nd3 Nc6 29. Nde5 Bxe5 30. fxe5 Na5 31. Qe2 Qc4 32. Qe3 Qb3 33. Rf1
Qxb2+ 34. Rf2 Qb1 35. Ng5 Rh8 36. Rxf7+ Kg8 37. Rf1 Rh2+ 38. Kxh2 Qxf1 39. Qf4
Qe2+ 40. Kh3 Qh5+ 41. Qh4 Nc4 42. Qxh5 gxh5 43. Nxe6 Ne3 44. Nf4 Kh7 45. Nxh5
Kg6 46. g4 Kg5 47. Nf6 1-0

[Event "Monarch Assurance Isle of Man 9th"]
[Site "Port Erin IOM"]
[Date "2000.10.20"]
[Round "7.9"]
[White "Gladyszev, Oleg"]
[Black "Rayner, Francis"]
[Result "1-0"]
[WhiteElo "2351"]
[BlackElo "2256"]
[PlyCount "65"]
[EventDate "2000.10.14"]
[EventType "swiss"]
[EventRounds "9"]
[EventCountry "IOM"]
[SourceTitle "BritBase"]
[SourceDate "2008.07.14"]
[SourceVersion "1"]
[SourceVersionDate "2008.07.14"]
[SourceQuality "2"]

1. d4 Nf6 2. c4 e6 3. Nc3 Bb4 4. Qc2 O-O 5. e4 c5 6. a3 Bxc3+ 7. bxc3 d5 8.
cxd5 exd5 9. e5 Ne4 10. Bd3 Qa5 11. Bd2 Nxd2 12. Qxd2 Nc6 13. Ne2 Bg4 14. f3
Bh5 15. O-O cxd4 16. Qg5 Bg6 17. Bxg6 hxg6 18. cxd4 Qa4 19. Rfd1 Qc2 20. Qd2
Qxd2 21. Rxd2 Na5 22. Rb2 Rfd8 23. Rc1 Rd7 24. a4 b6 25. Rbc2 Nc4 26. Kf2 a6
27. Nc3 Rad8 28. f4 Na3 29. Rb2 Rb7 30. Rb3 Nc4 31. Nxd5 Na5 32. Rd3 Rxd5 33.
Rc8+ 1-0

[Event "Monarch Assurance Isle of Man 9th"]
[Site "Port Erin IOM"]
[Date "2000.10.20"]
[Round "7.10"]
[White "Reinemer, Frank"]
[Black "Cooper, Lawrence"]
[Result "0-1"]
[WhiteElo "2186"]
[BlackElo "2345"]
[PlyCount "120"]
[EventDate "2000.10.14"]
[EventType "swiss"]
[EventRounds "9"]
[EventCountry "IOM"]
[SourceTitle "BritBase"]
[SourceDate "2008.07.14"]
[SourceVersion "1"]
[SourceVersionDate "2008.07.14"]
[SourceQuality "2"]

1. d4 Nf6 2. c4 e6 3. Nc3 Bb4 4. e3 b6 5. Bd3 Bb7 6. f3 c5 7. a3 cxd4 8. axb4
dxc3 9. bxc3 d6 10. Ba3 Nbd7 11. Ne2 O-O 12. Nd4 a6 13. Kf2 Qc7 14. Nb3 Ne5 15.
Qd2 Rfd8 16. Rad1 Nxd3+ 17. Qxd3 Rac8 18. Nd2 d5 19. c5 bxc5 20. bxc5 Bc6 21.
Ra1 Bb5 22. Qb1 Nd7 23. Nb3 Bc4 24. Bb4 Qe5 25. Ra5 Qc7 26. Nd4 Rb8 27. Qc2
Rdc8 28. g3 Qa7 29. Rb1 Ne5 30. Rd1 Ra8 31. Kg2 Nd7 32. Qa4 Nxc5 33. Bxc5 Rxc5
34. Rb1 Rxa5 35. Qxa5 Qd7 36. Qb6 h6 37. Nc6 Bb5 38. Nd4 Bd3 39. Rb2 a5 40. Rd2
Bc4 41. Nc6 a4 42. Ne5 Qc8 43. Nxc4 Qxc4 44. Qb4 a3 45. Qxc4 dxc4 46. Ra2 Kf8
47. Kf2 Ke7 48. Ke1 Kd6 49. Kd1 Kc5 50. Ra1 g5 51. Kc2 f5 52. Re1 Rb8 53. Rb1
Rxb1 54. Kxb1 g4 55. fxg4 fxg4 56. Ka2 Kd5 57. Kxa3 Ke4 58. Kb4 Kd3 59. e4 e5
60. Kc5 Kxc3 0-1

[Event "Monarch Assurance Isle of Man 9th"]
[Site "Port Erin IOM"]
[Date "2000.10.20"]
[Round "7.11"]
[White "Marusenko, Petr"]
[Black "Jackson, Adrian"]
[Result "1-0"]
[WhiteElo "2327"]
[BlackElo "2207"]
[PlyCount "51"]
[EventDate "2000.10.14"]
[EventType "swiss"]
[EventRounds "9"]
[EventCountry "IOM"]
[SourceTitle "BritBase"]
[SourceDate "2008.07.14"]
[SourceVersion "1"]
[SourceVersionDate "2008.07.14"]
[SourceQuality "2"]

1. e4 c5 2. Nf3 d6 3. Bb5+ Nd7 4. d4 Ngf6 5. Nc3 cxd4 6. Qxd4 e6 7. Bg5 Be7 8.
Bxf6 gxf6 9. O-O-O a6 10. Bxd7+ Bxd7 11. Rhe1 Rc8 12. Nd2 Qc7 13. Nf1 b5 14.
Ne3 b4 15. Qxb4 O-O 16. Qd4 Qc5 17. f4 Rc7 18. Qxc5 Rxc5 19. Rd3 Rfc8 20. f5 a5
21. Rf1 a4 22. a3 Kg7 23. Rf4 R5c7 24. Rh4 Rb8 25. Ned5 exd5 26. Rg3+ 1-0

[Event "Monarch Assurance Isle of Man 9th"]
[Site "Port Erin IOM"]
[Date "2000.10.20"]
[Round "7.12"]
[White "Plaskett, James"]
[Black "McLeod, Fraser"]
[Result "1-0"]
[WhiteElo "2529"]
[BlackElo "2132"]
[PlyCount "39"]
[EventDate "2000.10.14"]
[EventType "swiss"]
[EventRounds "9"]
[EventCountry "IOM"]
[SourceTitle "BritBase"]
[SourceDate "2008.07.14"]
[SourceVersion "1"]
[SourceVersionDate "2008.07.14"]
[SourceQuality "2"]

1. e4 c5 2. Nc3 e6 3. f4 Nc6 4. Nf3 Nge7 5. d4 cxd4 6. Nxd4 Nxd4 7. Qxd4 Nc6 8.
Qf2 Be7 9. Be3 O-O 10. O-O-O Qa5 11. Kb1 b5 12. e5 f6 13. exf6 Bxf6 14. Bd2 b4
15. Ne4 Be7 16. Bd3 d5 17. Qe3 dxe4 18. Qxe4 Qc7 19. Qxh7+ Kf7 20. Qh5+ 1-0

[Event "Monarch Assurance Isle of Man 9th"]
[Site "Port Erin IOM"]
[Date "2000.10.20"]
[Round "7.13"]
[White "Ellison, D George"]
[Black "Peters, Stephen"]
[Result "0-1"]
[WhiteElo "2100"]
[BlackElo "2157"]
[PlyCount "102"]
[EventDate "2000.10.14"]
[EventType "swiss"]
[EventRounds "9"]
[EventCountry "IOM"]
[SourceTitle "BritBase"]
[SourceDate "2008.07.14"]
[SourceVersion "1"]
[SourceVersionDate "2008.07.14"]
[SourceQuality "2"]

1. e4 c5 2. Nf3 Nc6 3. d4 cxd4 4. Nxd4 Nf6 5. Nc3 e5 6. Ndb5 d6 7. Bg5 a6 8.
Na3 b5 9. Nd5 Qa5+ 10. Bd2 Qd8 11. Bg5 Qa5+ 12. Bd2 Qd8 13. Bd3 Nxd5 14. exd5
Ne7 15. c4 g6 16. cxb5 Bg7 17. bxa6 O-O 18. Qa4 Nxd5 19. Qc6 Be6 20. Nc4 Qh4
21. Nxd6 Nb4 22. Qe4 Nxd3+ 23. Qxd3 Rfd8 24. Qe4 Qxe4+ 25. Nxe4 Rxa6 26. a4 Bf8
27. Bc3 f5 28. Nd2 e4 29. Ke2 Rd3 30. a5 Bd7 31. Kd1 Bb5 32. Kc2 Bc5 33. f3 e3
34. Nb3 Ba7 35. Rhd1 Rad6 36. Re1 f4 37. Be5 Rc6+ 38. Bc3 g5 39. g3 Rh6 40.
gxf4 Rxh2+ 41. Kb1 gxf4 42. Rg1+ Kf8 43. Bb4+ Kf7 44. Nc5 Bxc5 45. Bxc5 Rdd2
46. Ba3 Bd3+ 47. Ka2 Bc4+ 48. Kb1 Bb3 49. Kc1 Rc2+ 50. Kb1 Rhd2 51. a6 e2 0-1

[Event "Monarch Assurance Isle of Man 9th"]
[Site "Port Erin IOM"]
[Date "2000.10.20"]
[Round "7.14"]
[White "Yurenok, Maria"]
[Black "Garces, Diego"]
[Result "1/2-1/2"]
[WhiteElo "2058"]
[BlackElo "2154"]
[PlyCount "106"]
[EventDate "2000.10.14"]
[EventType "swiss"]
[EventRounds "9"]
[EventCountry "IOM"]
[SourceTitle "BritBase"]
[SourceDate "2008.07.14"]
[SourceVersion "1"]
[SourceVersionDate "2008.07.14"]
[SourceQuality "2"]

1. d4 Nf6 2. Nf3 c5 3. c3 b6 4. Bg5 e6 5. e4 h6 6. Bxf6 Qxf6 7. e5 Qd8 8. d5
exd5 9. Qxd5 Nc6 10. Nbd2 Bb7 11. Bc4 Qe7 12. Ne4 Qe6 13. O-O-O Na5 14. Qxe6+
fxe6 15. Bd3 Be7 16. Rhe1 O-O-O 17. Nfd2 Rhf8 18. f3 g5 19. Nf2 Rf4 20. Nde4
Kc7 21. Ng3 Bd5 22. Kb1 Ra4 23. b3 Rh4 24. c4 Bb7 25. h3 Rf4 26. Ne2 Rff8 27.
Nc3 a6 28. Be4 Nc6 29. Rd2 Nd4 30. Bxb7 Kxb7 31. Ne2 Nc6 32. Nc3 Rf5 33. Nd3
Kc7 34. Rde2 Rg8 35. Re4 h5 36. Ne2 Rh8 37. Ng3 Rf7 38. Ne2 Rg8 39. Kc2 Rfg7
40. Kb1 g4 41. hxg4 hxg4 42. f4 Rh7 43. Rg1 Rh2 44. Nc3 Nd4 45. Ree1 Nf5 46.
Ne4 Rg6 47. Re2 Bh4 48. Rb2 a5 49. a4 Be7 50. Ka2 Rgh6 51. Ndf2 Rg6 52. g3 Nd4
53. Rh1 Rxh1 1/2-1/2

[Event "Monarch Assurance Isle of Man 9th"]
[Site "Port Erin IOM"]
[Date "2000.10.20"]
[Round "7.15"]
[White "Sedgwick, David"]
[Black "Goodger, Martyn"]
[Result "0-1"]
[WhiteElo "2091"]
[BlackElo "2148"]
[PlyCount "100"]
[EventDate "2000.10.14"]
[EventType "swiss"]
[EventRounds "9"]
[EventCountry "IOM"]
[SourceTitle "BritBase"]
[SourceDate "2008.07.14"]
[SourceVersion "1"]
[SourceVersionDate "2008.07.14"]
[SourceQuality "2"]

1. e4 e5 2. Nf3 Nf6 3. Bc4 Nxe4 4. Nc3 Nxc3 5. dxc3 f6 6. O-O Qe7 7. Re1 d6 8.
Nh4 Be6 9. Bxe6 Qxe6 10. f4 Nc6 11. b4 O-O-O 12. Be3 Kb8 13. a4 d5 14. a5 d4
15. cxd4 Bxb4 16. Re2 Bc3 17. Ra4 Qg4 18. Nf3 exd4 19. Nxd4 Bxd4 20. Bxd4 Rhe8
21. Rd2 Qxd1+ 22. Rxd1 Nxd4 23. Raxd4 Kc8 24. Kf2 Rxd4 25. Rxd4 Re6 26. g4 Rd6
27. Re4 Kd7 28. Rb4 Rd2+ 29. Kg3 b6 30. axb6 cxb6 31. Rc4 a5 32. h4 Rd5 33. Ra4
Rc5 34. Rd4+ Ke7 35. Re4+ Kd7 36. Rd4+ Ke7 37. Re4+ Kf7 38. c4 a4 39. f5 a3 40.
Re3 Ra5 41. Re1 a2 42. Ra1 Ra3+ 43. Kf4 h6 44. Ke4 Ke7 45. Kd5 Kd7 46. Ke4 Kd6
47. Kf4 Ra4 48. g5 Rxc4+ 49. Kg3 Ra4 50. g6 Ke5 0-1

[Event "Monarch Assurance Isle of Man 9th"]
[Site "Port Erin IOM"]
[Date "2000.10.20"]
[Round "7.16"]
[White "Hill, David F"]
[Black "Clark, Stephen P"]
[Result "1/2-1/2"]
[WhiteElo "1992"]
[BlackElo "2133"]
[PlyCount "55"]
[EventDate "2000.10.14"]
[EventType "swiss"]
[EventRounds "9"]
[EventCountry "IOM"]
[SourceTitle "BritBase"]
[SourceDate "2008.07.14"]
[SourceVersion "1"]
[SourceVersionDate "2008.07.14"]
[SourceQuality "2"]

1. d4 d5 2. c4 c6 3. Nc3 Nf6 4. e3 e6 5. Nf3 Nbd7 6. Qc2 Bd6 7. g4 h6 8. Rg1
Qe7 9. Bd2 b6 10. O-O-O Bb7 11. h4 O-O-O 12. g5 hxg5 13. hxg5 Ne4 14. Nxe4 dxe4
15. Ne5 Nxe5 16. dxe5 Bxe5 17. c5 Rh2 18. Rg2 Rd5 19. Rxh2 Bxh2 20. Bc4 Rxg5
21. Qxe4 Bc7 22. f4 Rf5 23. cxb6 axb6 24. Bb4 Qe8 25. Bc3 b5 26. Be2 f6 27. Qg2
Qe7 28. Bf3 1/2-1/2

[Event "Monarch Assurance Isle of Man 9th"]
[Site "Port Erin IOM"]
[Date "2000.10.20"]
[Round "7.17"]
[White "Fraser-Mitchell, Jeremy"]
[Black "Van Kemenade, Rudy"]
[Result "1-0"]
[WhiteElo "2113"]
[BlackElo "2080"]
[PlyCount "77"]
[EventDate "2000.10.14"]
[EventType "swiss"]
[EventRounds "9"]
[EventCountry "IOM"]
[SourceTitle "BritBase"]
[SourceDate "2008.07.14"]
[SourceVersion "1"]
[SourceVersionDate "2008.07.14"]
[SourceQuality "2"]

1. d4 Nf6 2. c4 e5 3. dxe5 Ng4 4. Bf4 Bb4+ 5. Nd2 d6 6. Ngf3 dxe5 7. Nxe5 Bxd2+
8. Qxd2 Qxd2+ 9. Kxd2 Nxf2 10. Rg1 Ne4+ 11. Kc2 a5 12. g4 Na6 13. Bg2 Nb4+ 14.
Kb3 Nc5+ 15. Kc3 Be6 16. b3 Rd8 17. a3 f6 18. axb4 axb4+ 19. Kxb4 fxe5 20. Bxe5
Na6+ 21. Kc3 O-O 22. Bxb7 Nc5 23. Bf3 Rb8 24. Ra3 Rf7 25. h3 Re7 26. Bd4 Nd7
27. Ra7 c5 28. Bf2 Ree8 29. Rga1 Ne5 30. Bxc5 Bf7 31. Bd6 Rb6 32. Bxe5 Rxe5 33.
Ra8+ Be8 34. Bd5+ Kf8 35. e4 Rh6 36. Kd4 Rg5 37. R1a7 Rxh3 38. Rf7+ Kg8 39.
Rxe8# 1-0

[Event "Monarch Assurance Isle of Man 9th"]
[Site "Port Erin IOM"]
[Date "2000.10.20"]
[Round "7.18"]
[White "Gill, Neville"]
[Black "Benson, Paul"]
[Result "1/2-1/2"]
[WhiteElo "2040"]
[BlackElo "2011"]
[PlyCount "87"]
[EventDate "2000.10.14"]
[EventType "swiss"]
[EventRounds "9"]
[EventCountry "IOM"]
[SourceTitle "BritBase"]
[SourceDate "2008.07.14"]
[SourceVersion "1"]
[SourceVersionDate "2008.07.14"]
[SourceQuality "2"]

1. d4 f5 2. g3 Nf6 3. Bg2 g6 4. Nf3 Bg7 5. c4 d6 6. b3 O-O 7. Bb2 Qe8 8. O-O
Ne4 9. Nc3 c6 10. Qc2 Nxc3 11. Bxc3 e5 12. dxe5 dxe5 13. Qb2 Nd7 14. Rad1 h6
15. Rd2 g5 16. Rfd1 Bf6 17. b4 g4 18. Ne1 Qf7 19. Nd3 e4 20. Bxf6 Qxf6 21. Qxf6
Nxf6 22. Nf4 Kf7 23. f3 exf3 24. exf3 h5 25. b5 h4 26. gxh4 cxb5 27. cxb5 gxf3
28. Bxf3 Rg8+ 29. Kf2 Ne4+ 30. Bxe4 fxe4 31. Rc1 Re8 32. Rc7+ Re7 33. Rxe7+
Kxe7 34. Rd5 Bd7 35. Ke3 a6 36. a4 axb5 37. axb5 Ra5 38. Kxe4 Rxb5 39. Ng6+ Ke8
40. Rxb5 Bxb5 41. Ke5 Kf7 42. Nf4 Bd7 43. Kd6 Bf5 44. Kc5 1/2-1/2

[Event "Monarch Assurance Isle of Man 9th"]
[Site "Port Erin IOM"]
[Date "2000.10.20"]
[Round "7.19"]
[White "Shepherd, Michael"]
[Black "Hickman, John"]
[Result "0-1"]
[WhiteElo "2035"]
[BlackElo "2121"]
[PlyCount "50"]
[EventDate "2000.10.14"]
[EventType "swiss"]
[EventRounds "9"]
[EventCountry "IOM"]
[SourceTitle "BritBase"]
[SourceDate "2008.07.14"]
[SourceVersion "1"]
[SourceVersionDate "2008.07.14"]
[SourceQuality "2"]

1. d4 d6 2. c4 e5 3. Nf3 e4 4. Ng5 f5 5. Nh3 Nf6 6. e3 c6 7. Nc3 Na6 8. Nf4 Be7
9. Be2 O-O 10. h4 Nc7 11. b4 Ne6 12. Nxe6 Bxe6 13. b5 d5 14. c5 Ng4 15. g3 Qe8
16. Bd2 b6 17. bxc6 bxc5 18. Nb5 Qxc6 19. dxc5 Bxc5 20. Rc1 Qb6 21. Qa4 Nxf2
22. Kxf2 f4 23. gxf4 Rxf4+ 24. Kg2 Bxe3 25. Qd1 Bxd2 0-1

[Event "Monarch Assurance Isle of Man 9th"]
[Site "Port Erin IOM"]
[Date "2000.10.20"]
[Round "7.20"]
[White "Hughes, Andrew"]
[Black "Nicholson, John"]
[Result "1-0"]
[WhiteElo "2043"]
[BlackElo "2021"]
[PlyCount "29"]
[EventDate "2000.10.14"]
[EventType "swiss"]
[EventRounds "9"]
[EventCountry "IOM"]
[SourceTitle "BritBase"]
[SourceDate "2008.07.14"]
[SourceVersion "1"]
[SourceVersionDate "2008.07.14"]
[SourceQuality "2"]

1. e4 e6 2. d4 d5 3. Nd2 dxe4 4. Nxe4 Be7 5. Be3 Nf6 6. f3 Nbd7 7. Bd3 b6 8.
Ne2 Bb7 9. Qd2 O-O 10. O-O-O c5 11. h4 Rc8 12. dxc5 Nxe4 13. Bxe4 Nxc5 14. Bxc5
Bxe4 15. Bxe7 1-0

[Event "Monarch Assurance Isle of Man 9th"]
[Site "Port Erin IOM"]
[Date "2000.10.20"]
[Round "7.21"]
[White "Johnson, Paul A"]
[Black "Spanton, Tim"]
[Result "1-0"]
[WhiteElo "1728"]
[BlackElo "2081"]
[PlyCount "87"]
[EventDate "2000.10.14"]
[EventType "swiss"]
[EventRounds "9"]
[EventCountry "IOM"]
[SourceTitle "BritBase"]
[SourceDate "2008.07.14"]
[SourceVersion "1"]
[SourceVersionDate "2008.07.14"]
[SourceQuality "2"]

1. d4 Nf6 2. c4 e6 3. Nc3 d5 4. cxd5 exd5 5. Bg5 c6 6. e3 Be7 7. Bd3 O-O 8. Qc2
Nbd7 9. Nf3 Re8 10. h3 Nf8 11. g4 c5 12. dxc5 Bxc5 13. O-O-O Be6 14. Kb1 Rc8
15. Rdg1 d4 16. exd4 Bxd4 17. Rd1 Qa5 18. Nxd4 Bxa2+ 19. Kc1 Qxg5+ 20. Rd2 Bd5
21. Rf1 Be4 22. Nf5 Bxd3 23. Qxd3 Rcd8 24. Qxd8 Rxd8 25. f4 Qxf5 26. gxf5 Rxd2
27. Kxd2 N8d7 28. Nb5 a6 29. Nd6 b6 30. Rc1 Nc5 31. Ke2 a5 32. Nc8 Ncd7 33. Rd1
Kf8 34. Rd6 b5 35. Na7 Ke7 36. Nxb5 Ne4 37. Rd3 Ndc5 38. Rd5 Kf6 39. Kf3 g6 40.
fxg6 hxg6 41. Nc3 Nxc3 42. Rxc5 Na4 43. Rc6+ Ke7 44. b3 1-0

[Event "Monarch Assurance Isle of Man 9th"]
[Site "Port Erin IOM"]
[Date "2000.10.20"]
[Round "7.22"]
[White "Rattray, Ross"]
[Black "Schulz, Joerg"]
[Result "1-0"]
[WhiteElo "2109"]
[BlackElo "1600"]
[PlyCount "75"]
[EventDate "2000.10.14"]
[EventType "swiss"]
[EventRounds "9"]
[EventCountry "IOM"]
[SourceTitle "BritBase"]
[SourceDate "2008.07.14"]
[SourceVersion "1"]
[SourceVersionDate "2008.07.14"]
[SourceQuality "2"]

1. e4 c5 2. Ne2 e5 3. f4 d5 4. exd5 exf4 5. Nxf4 Nf6 6. Bb5+ Bd7 7. Qe2+ Qe7 8.
O-O Qxe2 9. Bxe2 Bd6 10. c4 O-O 11. Nc3 Re8 12. d3 Na6 13. a3 Nc7 14. Bd2 b5
15. Rae1 a5 16. Bf3 b4 17. Ne4 Nxe4 18. dxe4 bxa3 19. bxa3 Rab8 20. Bd1 a4 21.
Nd3 f6 22. Bc2 Na6 23. g3 Be5 24. Nxe5 fxe5 25. Rb1 Nc7 26. Bc3 Rxb1 27. Rxb1
Rf8 28. Bxe5 Ne8 29. Rf1 Nf6 30. Bd6 Re8 31. e5 Bh3 32. Rb1 Ng4 33. Bxa4 Rxe5
34. Bxe5 Nxe5 35. d6 Nxc4 36. Bb3 Be6 37. Bxc4 Bxc4 38. d7 1-0

[Event "Monarch Assurance Isle of Man 9th"]
[Site "Port Erin IOM"]
[Date "2000.10.21"]
[Round "8.1"]
[White "Sherbakov, Ruslan"]
[Black "Hebden, Mark"]
[Result "1-0"]
[WhiteElo "2558"]
[BlackElo "2505"]
[PlyCount "71"]
[EventDate "2000.10.14"]
[EventType "swiss"]
[EventRounds "9"]
[EventCountry "IOM"]
[SourceTitle "BritBase"]
[SourceDate "2008.07.14"]
[SourceVersion "1"]
[SourceVersionDate "2008.07.14"]
[SourceQuality "2"]

1. d4 Nf6 2. c4 g6 3. Nc3 Bg7 4. e4 d6 5. Be2 O-O 6. Nf3 e5 7. O-O Nc6 8. d5
Ne7 9. b4 Kh8 10. c5 Neg8 11. Nd2 Ne8 12. a4 f5 13. a5 fxe4 14. Ndxe4 Ngf6 15.
Bf3 Bf5 16. Bg5 Qd7 17. Rc1 Nxe4 18. Nxe4 h6 19. Be3 Qf7 20. b5 Nf6 21. Nxf6
Qxf6 22. cxd6 cxd6 23. Qd2 g5 24. Rc7 Rf7 25. Rfc1 b6 26. Be2 Rxc7 27. Rxc7 Qd8
28. Rxa7 Rxa7 29. Bxb6 Qb8 30. Bxa7 Qxa7 31. b6 Qa8 32. a6 Bc8 33. Qb2 e4 34.
b7 Qb8 35. Qb6 Bf6 36. Bg4 1-0

[Event "Monarch Assurance Isle of Man 9th"]
[Site "Port Erin IOM"]
[Date "2000.10.21"]
[Round "8.2"]
[White "Volkov, Sergey"]
[Black "Quinn, Mark"]
[Result "1-0"]
[WhiteElo "2554"]
[BlackElo "2381"]
[PlyCount "67"]
[EventDate "2000.10.14"]
[EventType "swiss"]
[EventRounds "9"]
[EventCountry "IOM"]
[SourceTitle "BritBase"]
[SourceDate "2008.07.14"]
[SourceVersion "1"]
[SourceVersionDate "2008.07.14"]
[SourceQuality "2"]

1. d4 d5 2. c4 dxc4 3. e4 Nc6 4. Nf3 Bg4 5. d5 Ne5 6. Nbd2 Nf6 7. Nxc4 Nxc4 8.
Bxc4 e5 9. dxe6 Qxd1+ 10. Kxd1 fxe6 11. h3 Bxf3+ 12. gxf3 O-O-O+ 13. Kc2 Re8
14. Bb5 Rd8 15. Rg1 a6 16. Bd3 Nd7 17. Bc4 Re8 18. f4 g6 19. Be3 Bc5 20. Rad1
Bb6 21. h4 Bxe3 22. fxe3 e5 23. f5 Nf6 24. Bd3 Rhg8 25. Rg5 gxf5 26. exf5 Ng4
27. Rg1 Nxe3+ 28. Kd2 Rxg5 29. hxg5 Nd5 30. Be4 Nf4 31. f6 Rh8 32. Rh1 Rg8 33.
f7 Rd8+ 34. Ke3 1-0